000 00407nam a22001577a 4500
003 OSt
005 20170105102939.0
040 _a0
082 _a891.43915
_bMAL 2015
100 _a Malik, Nadeem Shafiq
245 _aAllama Iqbal k Chand Nadir-o-Nayab Khatoot
_cDr.Nadeem Shafiq Malik
260 _aLahore
_bFiction house
_c2015
300 _a384 p.
_bHB
_c24 cm
650 _aAllama Iqbal
942 _2ddc
_cBK
999 _c16403
_d16403